000 00695nam a2200217Ia 4500
003 IN-BaIIA
008 211028s9999 xx 000 0 eng d
040 _cIIA Library
080 _a523.42:43
_bTHE
100 _aKellog, William W.
_94725
245 4 _aThe atmospheres of Mars and Venus
_cWilliam Welch Kellogg
260 _aWashington
_bNational Academy of Sciences
_c1961
300 _avi, 151p.
490 _aNational Academy of Sciences : National Research Council Publication
650 _aAstronomy and astrophysics thesaurus
650 _aAtmosphere - Mars
_94726
650 _aAtmosphere - Venus
_94727
650 _aPlanet Mars
_91263
700 _aSagan, Carl
_94728
942 _cBK
999 _c2649
_d2649